000 00610nam a22002297a 4500
001 48443
003 UA-OsUOA
005 20210512141918.0
007 ta
008 20070906b un ||||| |||| 00| 0 ukr d
040 _aUA-OsUOA
_bukr
_cUA-OsUOA
_dUA-OsUOA
041 _aukr
080 _a821.161.2
090 _a821.161.2
_bК64
100 _aКондратюк А.
245 _aНа горі сосна золоторясна
260 _aК.
_bДніпро
_c1995
300 _a164 с.
650 7 _a82 Література. Літературознавство
_2UDC
942 _cBK
_2udc
955 _a3
999 _c334551
_d334551